Scottish business rates frozen (Record no. 71719)

MARC details
000 -LEADER
fixed length control field 00895cam a2200205 4500
001 - CONTROL NUMBER
control field WB3845-23
008 - FIXED-LENGTH DATA ELEMENTS--GENERAL INFORMATION
fixed length control field 021205n2002 000 0 eng u
035 ## - SYSTEM CONTROL NUMBER
System control number (Sirsi) u120687
245 ## - TITLE STATEMENT
Title Scottish business rates frozen
260 ## - PUBLICATION, DISTRIBUTION, ETC.
Date of publication, distribution, etc. 2002
490 ## - SERIES STATEMENT
Series statement Scottish Executive Press Release
Volume/sequential designation 4 December 2002, (2)
520 ## - SUMMARY, ETC.
Summary, etc. The Scottish Minister for Finance and Public Services has confirmed that the business rates poundage in Scotland for 2003-04 will stay at 47.8p. The minister also confirmed the introduction of the Small Business Rate Relief Scheme on 1 April 2003, which will give small businesses reductions of up to 50% in their rates bills. www.scotland.gov.uk/pages/news/2002/12/SEfd133.aspx
590 ## - LOCAL NOTE (RLIN)
Local note WB
650 ## - SUBJECT ADDED ENTRY--TOPICAL TERM
Topical term or geographic name entry element BUSINESS RATES
650 ## - SUBJECT ADDED ENTRY--TOPICAL TERM
Topical term or geographic name entry element SCOTLAND
650 ## - SUBJECT ADDED ENTRY--TOPICAL TERM
Topical term or geographic name entry element SMALL BUSINESSES
650 ## - SUBJECT ADDED ENTRY--TOPICAL TERM
Topical term or geographic name entry element RATE RELIEF
690 ## - LOCAL SUBJECT ADDED ENTRY--TOPICAL TERM (OCLC, RLIN)
Topical term or geographic name as entry element RATING AND LOCAL TAXATION
942 ## - ADDED ENTRY ELEMENTS (KOHA)
Suppress in OPAC 0
Holdings
Withdrawn status Lost status Source of classification or shelving scheme Damaged status Not for loan Home library Current library Shelving location Date acquired Total Checkouts Full call number Barcode Date last seen Copy number Price effective from Koha item type
    Dewey Decimal Classification     London London News article 05/12/2002   WB3845-23 120687-1001 06/08/2019 1 06/08/2019 News article